[Event "Santiago IRT"]
[Site "Santiago de Chile"]
[Date "2018.03.19"]
[Round "4.5"]
[White "Toro Ibaceta, Fabian"]
[Black "Toloza Caldera, Gaston I"]
[Result "0-1"]
[WhiteElo "1555"]
[BlackElo "2048"]
[PlyCount "86"]
[EventDate "2018.03.08"]
[EventType "swiss"]
[EventRounds "6"]
[EventCountry "CHI"]
[SourceTitle "EXT 2024"]
[Source "ChessBase"]
[SourceDate "2023.10.10"]
[SourceVersion "1"]
[SourceVersionDate "2023.10.10"]
[SourceQuality "1"]

1. e4 c5 2. Nf3 d6 3. d4 cxd4 4. Nxd4 Nf6 5. Nc3 e6 6. Be3 a6 7. f3 Be7 8. Qd2 Qc7 9. Rc1 Nc6 10. Na4 b5 11. Nxc6 Qxc6 12. Nb6 Rb8 13. Nxc8 Qxc8 14. c4 b4 15. b3 0-0 16. Be2 Nd7 17. 0-0 Qc6 18. Rfd1 a5 19. Bf4 Rb6 20. Kh1 a4 21. Be3 Rbb8 22. c5 Nxc5 23. Bxc5 dxc5 24. Qd7 Qxd7 25. Rxd7 axb3 26. axb3 Rfe8 27. Rcd1 Bf6 28. Bc4 Bd4 29. Rd6 Ra8 30. Bb5 Reb8 31. Ba4 g6 32. g4 Rd8 33. Rxd8+ Rxd8 34. Kg2 Kg7 35. Bb5 Ra8 36. Ba4 Bc3 37. Kf1 c4 38. Rd6 cxb3 39. Bxb3 Ra3 40. Bc4 b3 41. Rb6 b2 42. Ke2 Bd4 43. Rb7 Re3+ 0-1